[Event "HZ Chess Tournament 2019"]
[Site "Vlissingen"]
[Date "2019.08.05"]
[Round "4.2"]
[White "Harika, Dronavalli"]
[Black "L'Ami, Erwin"]
[Result "1/2-1/2"]
[WhiteElo "2495"]
[BlackElo "2622"]
[PlyCount "75"]
[EventCountry "NED"]

1. d4 Nf6 2. c4 e6 3. Nc3 Bb4 4. Nf3 b6 5. Bd2 Bb7 6. e3 O-O 7. Bd3 d5 8. cxd5
exd5 9. Rc1 a6 10. O-O Bd6 11. Ne5 c5 12. f4 Nc6 13. Ng4 Nb4 14. Bb1 cxd4 15.
exd4 Be7 16. Ne5 Nc6 17. Be3 Na5 18. Qf3 Bb4 19. Bf2 Bxc3 20. Qxc3 Ne4 21. Qc7
Rc8 22. Qxd8 Rfxd8 23. Bxe4 dxe4 24. b4 Nc6 25. Nxc6 Rxc6 26. Rxc6 Bxc6 27. Rc1
Bd5 28. a3 f6 29. Be3 Rd7 30. Kf2 Kf7 31. f5 b5 32. Rc5 Ke7 33. Bf4 Bb7 34. Ke3
Rd5 35. Rc7+ Rd7 36. Rc5 Rd5 37. Rc7+ Rd7 38. Rc5 1/2-1/2

[Event "HZ Chess Tournament 2019"]
[Site "Vlissingen"]
[Date "2019.08.05"]
[Round "4.3"]
[White "Van Wely, Loek"]
[Black "Leenhouts, Koen"]
[Result "1-0"]
[WhiteElo "2608"]
[BlackElo "2425"]
[PlyCount "79"]
[EventCountry "NED"]

1. Nf3 Nf6 2. c4 c5 3. d4 cxd4 4. Nxd4 Nc6 5. Nc3 e6 6. g3 Bb4 7. Bg2 O-O 8.
O-O a6 9. Bf4 Re8 10. Nxc6 bxc6 11. Bd6 Bxd6 12. Qxd6 Qe7 13. c5 Qxd6 14. cxd6
Rb8 15. Na4 a5 16. Rfd1 Ba6 17. e4 e5 18. b3 Rb4 19. f3 Bc4 20. Rac1 Be6 21.
Bf1 g5 22. g4 h5 23. h3 hxg4 24. hxg4 Nxg4 25. fxg4 Rxe4 26. Bh3 Bxg4 27. Nc5
Rf4 28. Bxg4 Rxg4+ 29. Kf2 Rd8 30. Rc4 Rxc4 31. bxc4 Kg7 32. Re1 f6 33. Kf3 Kg6
34. a4 Rb8 35. Rd1 Rd8 36. Ke4 g4 37. Rh1 Re8 38. Nxd7 f5+ 39. Ke3 Kg5 40. Nc5
1-0

[Event "HZ Chess Tournament 2019"]
[Site "Vlissingen"]
[Date "2019.08.05"]
[Round "4.4"]
[White "Zwirs, Nico"]
[Black "Ortiz Suarez, Isan Reynald"]
[Result "1-0"]
[WhiteElo "2391"]
[BlackElo "2551"]
[PlyCount "147"]
[EventCountry "NED"]

1. e4 c5 2. Nf3 d6 3. d4 cxd4 4. Nxd4 Nf6 5. Nc3 a6 6. Be3 e5 7. Nb3 Be7 8. f3
Be6 9. Qd2 O-O 10. O-O-O Nbd7 11. g4 b5 12. g5 Nh5 13. Nd5 Bxd5 14. exd5 f6 15.
h4 Ng3 16. Rg1 Nf5 17. Bf2 fxg5 18. hxg5 g6 19. Na5 Rf7 20. Nc6 Qc7 21. Bd3 Bf8
22. Be4 Re8 23. Kb1 Bg7 24. Qc3 Nf8 25. Qa3 Ra8 26. c4 bxc4 27. Rc1 Nd4 28.
Rxc4 Qd7 29. Nxd4 exd4 30. Bxd4 Bxd4 31. Rxd4 Qa7 32. Rgd1 Qe7 33. Rc4 Nd7 34.
Rc6 Ne5 35. Qxd6 Nxc6 36. dxc6 Qxd6 37. Rxd6 Rc7 38. b4 Kf8 39. Kc2 Ke7 40. Rd1
Rd8 41. Rh1 Kd6 42. Kc3 Re7 43. Rd1+ Kc7 44. Rxd8 Kxd8 45. Kd4 Kc7 46. a4 Re8
47. Kc5 Re5+ 48. Bd5 Re1 49. b5 axb5 50. axb5 Rb1 51. Bg8 Rc1+ 52. Bc4 Rb1 53.
f4 Rb2 54. Bg8 Rc2+ 55. Bc4 Rb2 56. Bg8 Rc2+ 57. Kd4 Rh2 58. Ke5 Rh4 59. Be6
Rh1 60. Kf6 Kd6 61. Bd7 Rb1 62. Kg7 Rxb5 63. Kxh7 Rb4 64. Kxg6 Rxf4 65. Kg7 Ke7
66. g6 Rf2 67. Bg4 Rc2 68. Kh7 Rc4 69. Bd7 Rh4+ 70. Kg8 Rc4 71. g7 Rc1 72. Bg4
Kf6 73. Kf8 Ra1 74. c7 1-0

[Event "HZ Chess Tournament 2019"]
[Site "Vlissingen"]
[Date "2019.08.05"]
[Round "4.5"]
[White "Werle, Jan"]
[Black "De Jong, Migchiel"]
[Result "1-0"]
[WhiteElo "2540"]
[BlackElo "2339"]
[PlyCount "117"]
[EventCountry "NED"]

1. d4 e6 2. c4 Bb4+ 3. Nd2 Nf6 4. a3 Be7 5. e4 d6 6. Bd3 Nbd7 7. Ngf3 e5 8. O-O
a5 9. b3 O-O 10. Bb2 Re8 11. Re1 Bf8 12. d5 Nh5 13. g3 g6 14. b4 Ng7 15. Qc2 c5
16. bxa5 Rxa5 17. Bc3 Ra7 18. Nh4 Be7 19. Ng2 Rf8 20. f4 f5 21. Nf3 fxe4 22.
Bxe4 Bf6 23. fxe5 Nxe5 24. Nxe5 Bxe5 25. Bxe5 dxe5 26. Qb2 Qd6 27. Nh4 Bf5 28.
Bg2 Re8 29. Re3 b6 30. Rae1 Rae7 31. Nf3 Bc8 32. Rxe5 Nf5 33. Rxe7 Rxe7 34. Rb1
Ba6 35. Ng5 Nd4 36. Ne4 Qe5 37. Qxb6 Bxc4 38. Qb8+ Qxb8 39. Rxb8+ Kg7 40. d6
Rd7 41. Rc8 Ne6 42. Bh3 Rb7 43. Bxe6 Rb1+ 44. Kf2 Bxe6 45. d7 Rb2+ 46. Ke3 Bxd7
47. Rc7 Rxh2 48. Rxd7+ Kf8 49. Nxc5 h5 50. a4 Ra2 51. Kf4 Ke8 52. Ra7 Rf2+ 53.
Ke3 Rg2 54. Ne4 Kd8 55. a5 Kc8 56. a6 Kb8 57. Rb7+ Ka8 58. Kf3 Rh2 59. Nc3 1-0

[Event "HZ Chess Tournament 2019"]
[Site "Vlissingen"]
[Date "2019.08.05"]
[Round "4.6"]
[White "Grochal, Joey"]
[Black "Ikonnikov, Vyacheslav"]
[Result "1/2-1/2"]
[WhiteElo "2300"]
[BlackElo "2546"]
[PlyCount "43"]
[EventCountry "NED"]

1. d4 Nf6 2. c4 e6 3. Nf3 d5 4. Nc3 Bb4 5. Bg5 O-O 6. Qb3 c5 7. e3 Nc6 8. dxc5
h6 9. Bxf6 Qxf6 10. Rd1 a5 11. Be2 a4 12. Qc2 a3 13. O-O axb2 14. Na4 Ra5 15.
Nd4 dxc4 16. Bxc4 Bxc5 17. Nxc6 bxc6 18. Nxb2 Ba3 19. Na4 Qe7 20. Nb6 Qc7 21.
Nxc8 Rxc8 22. Rd3 1/2-1/2

[Event "HZ Chess Tournament 2019"]
[Site "Vlissingen"]
[Date "2019.08.05"]
[Round "4.14"]
[White "Volkers, Annemarie"]
[Black "Grooten, Herman"]
[Result "1/2-1/2"]
[WhiteElo "1966"]
[BlackElo "2374"]
[PlyCount "108"]
[EventCountry "NED"]

1. e4 c5 2. Nf3 e6 3. d4 cxd4 4. Nxd4 a6 5. c4 Nf6 6. Nc3 Qc7 7. Be2 Bb4 8. Qd3
b6 9. a3 Bxc3+ 10. Qxc3 Nxe4 11. Nb5 axb5 12. Qxg7 Rf8 13. Bh6 Qc5 14. f3 Nf2
15. b4 Qe7 16. Kxf2 bxc4 17. Qxf8+ Qxf8 18. Bxf8 Kxf8 19. Bxc4 Nc6 20. Rhd1 Ke7
21. Bb5 Na7 22. Bd3 Bb7 23. Ke3 h6 24. a4 Rg8 25. g3 d5 26. a5 b5 27. Rdc1 Kd6
28. Rc5 Bc6 29. a6 Bd7 30. f4 f6 31. Bf1 Bc6 32. Ra5 Rb8 33. Ra1 Kc7 34. Bh3
Re8 35. Kd3 Kd6 36. Bf1 Rf8 37. Be2 Rf7 38. Rac1 Rf8 39. Bg4 Bd7 40. Be2 Ra8
41. Ra1 Rb8 42. Kc3 Rb6 43. Bf3 Bc6 44. Be2 e5 45. fxe5+ fxe5 46. Kb3 d4 47.
Bg4 Bd5+ 48. Kb2 Bc4 49. Re1 Rxa6 50. Rexe5 Nc6 51. Rh5 Ra2+ 52. Kb1 Nxb4 53.
Rc8 Bd3+ 54. Kc1 Ra1+ 1/2-1/2

[Event "HZ Chess Tournament 2019"]
[Site "Vlissingen"]
[Date "2019.08.05"]
[Round "4.17"]
[White "Afek, Yochanan"]
[Black "Van Rij, Gert"]
[Result "1-0"]
[WhiteElo "2253"]
[BlackElo "1960"]
[PlyCount "83"]
[EventCountry "NED"]

1. e4 e6 2. d4 d5 3. e5 c5 4. c3 Nc6 5. Nf3 Bd7 6. a3 Nge7 7. Bd3 cxd4 8. cxd4
Nf5 9. Bxf5 exf5 10. Nc3 Be6 11. Be3 Be7 12. h4 O-O 13. Ne2 Na5 14. Nf4 Nc4 15.
Bc1 Qa5+ 16. Kf1 Qb5 17. Qe2 Qa6 18. Kg1 Na5 19. Qd1 Qc4 20. Be3 Qb3 21. Qe2
Qc4 22. Qe1 Nb3 23. Rd1 Rac8 24. Rh3 Bd8 25. Kh1 Qc2 26. Rg3 Qxb2 27. Qb4 Qc2
28. Rd3 Nc1 29. Rxg7+ Kxg7 30. Nxe6+ fxe6 31. Bh6+ Kxh6 32. Qxf8+ Kh5 33. Qf7+
Kh6 34. Qf8+ Kh5 35. Qf7+ Kh6 36. Ng5 Qc7 37. Qxe6+ Kg7 38. Rc3 Bxg5 39. Rxc7+
Rxc7 40. hxg5 Ne2 41. Qf6+ Kg8 42. Qd8+ 1-0

[Event "HZ Chess Tournament 2019"]
[Site "Vlissingen"]
[Date "2019.08.05"]
[Round "4.18"]
[White "Verbruggen, Samuel"]
[Black "Wunnink, Michael"]
[Result "0-1"]
[WhiteElo "1960"]
[BlackElo "2249"]
[PlyCount "58"]
[EventCountry "NED"]

1. e4 c5 2. Nf3 Nc6 3. d4 cxd4 4. Nxd4 e5 5. Nb5 d6 6. c4 Be7 7. N1c3 a6 8. Na3
Nf6 9. Bd3 O-O 10. O-O Bg4 11. Qe1 Nd7 12. Nc2 Bg5 13. Ne3 Be6 14. Ncd5 g6 15.
b4 a5 16. b5 Nd4 17. f4 exf4 18. Nxf4 Ne5 19. Bb1 Ndf3+ 20. gxf3 Bxf4 21. Nd5
Qg5+ 22. Kf2 Bxc1 23. Qxc1 Qh4+ 24. Kg1 Rac8 25. Nb6 Rc5 26. Qd1 Nxc4 27. Nxc4
Rg5+ 28. Kh1 Bxc4 29. Bd3 Rh5 0-1

[Event "HZ Chess Tournament 2019"]
[Site "Vlissingen"]
[Date "2019.08.05"]
[Round "4.19"]
[White "Tibke, Jonas"]
[Black "Bezemer, Arno"]
[Result "1-0"]
[WhiteElo "1937"]
[BlackElo "2245"]
[PlyCount "71"]
[EventCountry "NED"]

1. e4 c5 2. c3 Nf6 3. e5 Nd5 4. d4 cxd4 5. cxd4 d6 6. Bc4 e6 7. Nf3 Be7 8. O-O
O-O 9. Nbd2 Nb6 10. Bb3 dxe5 11. dxe5 Bd7 12. Qe2 Bc6 13. Rd1 N8d7 14. Ne4 Qc7
15. Bg5 Bxg5 16. Nexg5 Rfe8 17. Qc2 Nf8 18. Rac1 Re7 19. Ne4 Rd8 20. Re1 Qb8
21. h4 Nbd7 22. Qc3 Ng6 23. Ned2 h6 24. h5 Nf4 25. Qb4 Nxg2 26. Qxe7 Nxe1 27.
Rxe1 Nf8 28. Ne4 Rd3 29. Kg2 Qc8 30. Qb4 Nd7 31. Re3 Rxe3 32. fxe3 Qc7 33. Qd4
Qa5 34. Kf2 Qb5 35. Nd6 Qa5 36. Qf4 1-0

[Event "HZ Chess Tournament 2019"]
[Site "Vlissingen"]
[Date "2019.08.05"]
[Round "4.20"]
[White "Oostvogels, Niek"]
[Black "Stillger, Bernhard"]
[Result "0-1"]
[WhiteElo "1929"]
[BlackElo "2202"]
[PlyCount "76"]
[EventCountry "NED"]

1. e4 c5 2. Nf3 d6 3. g3 Nc6 4. Bg2 g6 5. O-O Bg7 6. c3 e5 7. d3 Nge7 8. a3 O-O
9. b4 a6 10. Nbd2 h6 11. Nb3 b6 12. Bb2 Be6 13. Re1 Rc8 14. Rc1 Qd7 15. Nfd2
Qa7 16. Nc4 Rfd8 17. Ne3 b5 18. Nd5 Bd7 19. Qf3 c4 20. dxc4 bxc4 21. Nd2 Nxd5
22. exd5 Ne7 23. Ne4 Bf5 24. Bf1 Nxd5 25. Rcd1 Be6 26. Bc1 Qe7 27. Be3 Nxe3 28.
Qxe3 d5 29. Nc5 d4 30. Qc1 Rxc5 31. bxc5 Qxc5 32. cxd4 exd4 33. Rxe6 fxe6 34.
Bxc4 Kh7 35. Bxe6 Qd6 36. Bg4 d3 37. Be2 dxe2 38. Rxd6 Rxd6 0-1

[Event "HZ Chess Tournament 2019"]
[Site "Vlissingen"]
[Date "2019.08.05"]
[Round "4.21"]
[White "Cordes, Hans-Joerg"]
[Black "Morssink, Pieter Jan"]
[Result "1/2-1/2"]
[WhiteElo "2178"]
[BlackElo "1918"]
[PlyCount "107"]
[EventCountry "NED"]

1. d4 Nf6 2. c4 g6 3. Nc3 Bg7 4. e4 d6 5. f3 O-O 6. Be3 e5 7. d5 Nbd7 8. Bd3 a6
9. Nge2 Nh5 10. g4 Nf4 11. Nxf4 exf4 12. Bxf4 Qh4+ 13. Bg3 Qh3 14. Bf1 Qh6 15.
Qd2 Qxd2+ 16. Kxd2 Ne5 17. Be2 Bd7 18. h3 f5 19. f4 Nf7 20. exf5 gxf5 21. g5 b5
22. a3 Rab8 23. Kc2 Rfe8 24. Rae1 Kf8 25. Bd3 Rec8 26. Rh2 c6 27. dxc6 Bxc6 28.
Bxf5 Rc7 29. Bxh7 bxc4 30. Rb1 d5 31. f5 Be5 32. Bxe5 Nxe5 33. g6 d4 34. f6
dxc3 35. g7+ Kf7 36. Kxc3 Rb3+ 37. Kc2 Rg3 38. Rf1 Ba4+ 39. Kb1 Rb7 40. Be4 Rd7
41. Re2 Rd8 42. Bh7 Nf3 43. Kc1 Bc6 44. Re3 Rxh3 45. Bf5 Rg3 46. Be6+ Kxf6 47.
g8=Q Rdxg8 48. Bxg8 Rxg8 49. Rfxf3+ Bxf3 50. Rxf3+ Ke5 51. Kc2 Kd4 52. Rf6 Rg2+
53. Kb1 c3 54. bxc3+ 1/2-1/2

[Event "HZ Chess Tournament 2019"]
[Site "Vlissingen"]
[Date "2019.08.05"]
[Round "4.22"]
[White "Mesman, Edwyn"]
[Black "Dittmar, Lars"]
[Result "1-0"]
[WhiteElo "2172"]
[BlackElo "1882"]
[PlyCount "103"]
[EventCountry "NED"]

1. d4 Nf6 2. c4 e6 3. Nf3 b6 4. a3 Bb7 5. Nc3 d5 6. Bg5 Be7 7. e3 O-O 8. Be2 c5
9. dxc5 Bxc5 10. cxd5 exd5 11. O-O Nbd7 12. Rc1 Qe7 13. b4 Bd6 14. Nb5 Rfd8 15.
Nfd4 Be5 16. Bf3 Nf8 17. Nc6 Bxc6 18. Rxc6 Qd7 19. Qc2 Ne6 20. Bxf6 Bxf6 21.
Rc1 Be5 22. Bg4 Qe7 23. Bf5 g6 24. Bxe6 fxe6 25. g3 Rd7 26. Nc7 Bxc7 27. Rxc7
Rad8 28. Rc6 e5 29. h4 Qf7 30. Qd2 Qf5 31. Rc7 d4 32. exd4 Rxd4 33. Qa2+ Kh8
34. Qf7 R4d7 35. Rxd7 Qxd7 36. Qf6+ Kg8 37. Qxe5 Re8 38. Qf4 Rf8 39. Qe3 Rf7
40. h5 gxh5 41. Qg5+ Kf8 42. Qxh5 Qe6 43. Qg5 Qd7 44. Re1 Qd6 45. Re3 h6 46.
Qh5 Qf6 47. Qe2 Kg7 48. Re6 Qf5 49. Qe3 Qh5 50. Qd4+ Kh7 51. Re8 Rg7 52. Qd8
1-0

[Event "HZ Chess Tournament 2019"]
[Site "Vlissingen"]
[Date "2019.08.05"]
[Round "4.23"]
[White "Stange, Sven"]
[Black "Kunnavakkam, Sudarshanagop"]
[Result "1-0"]
[WhiteElo "2167"]
[BlackElo "1744"]
[PlyCount "93"]
[EventCountry "NED"]

1. d4 Nf6 2. c4 c5 3. d5 e6 4. Nc3 exd5 5. cxd5 d6 6. Nf3 g6 7. Bf4 Bg7 8. Qa4+
Bd7 9. Qb3 Qc7 10. e4 O-O 11. Nd2 Re8 12. Be2 b5 13. Bxb5 Nxe4 14. Ncxe4 f5 15.
O-O fxe4 16. Nc4 Bf8 17. Rad1 a6 18. Bxd7 Nxd7 19. Qg3 Nf6 20. Bxd6 Bxd6 21.
Nxd6 Re7 22. Nc4 Qxg3 23. hxg3 Rd8 24. d6 Red7 25. Rd2 Ne8 26. Rfd1 Kg7 27. Rd5
Kf6 28. Rxc5 Nxd6 29. Rc6 Ke7 30. Rcxd6 Rxd6 31. Rxd6 Rxd6 32. Nxd6 Kxd6 33.
Kf1 Kd5 34. Ke2 Kd4 35. Kd2 h5 36. Kc2 a5 37. Kd2 g5 38. Ke2 h4 39. gxh4 gxh4
40. Kd2 a4 41. Ke2 Kd5 42. Ke3 Ke5 43. b3 a3 44. b4 Kd5 45. b5 Kc5 46. Kxe4
Kxb5 47. Kd4 1-0

[Event "HZ Chess Tournament 2019"]
[Site "Vlissingen"]
[Date "2019.08.05"]
[Round "4.24"]
[White "Duchene, Rene"]
[Black "Van de Griend, Johan"]
[Result "1-0"]
[WhiteElo "2157"]
[BlackElo "1826"]
[PlyCount "63"]
[EventCountry "NED"]

1. d4 d5 2. Nf3 Nf6 3. c4 e6 4. g3 c5 5. cxd5 exd5 6. Bg2 Nc6 7. O-O Be7 8. Nc3
O-O 9. Bg5 c4 10. Ne5 Be6 11. f4 h6 12. Bh4 Nxe5 13. fxe5 Ng4 14. Bxe7 Qxe7 15.
Qd2 h5 16. h3 Nh6 17. Nxd5 Bxd5 18. Bxd5 Rfd8 19. e4 Kh7 20. Rf3 Qd7 21. Kh2 b5
22. Raf1 Qe7 23. a3 Rab8 24. R1f2 Rf8 25. Qb4 Qxb4 26. axb4 Kg6 27. Ra3 f5 28.
Ra6+ Kh7 29. Rxa7 fxe4 30. Bxe4+ Kh8 31. Rxf8+ Rxf8 32. e6 1-0

[Event "HZ Chess Tournament 2019"]
[Site "Vlissingen"]
[Date "2019.08.05"]
[Round "4.25"]
[White "Van Haaften, Maarten"]
[Black "Zevenhuizen, Daniel"]
[Result "1-0"]
[WhiteElo "1870"]
[BlackElo "2152"]
[PlyCount "29"]
[EventCountry "NED"]

1. e4 d6 2. d4 Nf6 3. Nc3 g6 4. f4 Bg7 5. Nf3 O-O 6. e5 Nfd7 7. h4 c5 8. h5
cxd4 9. hxg6 hxg6 10. Qxd4 dxe5 11. fxe5 Nxe5 12. Qh4 f6 13. Nxe5 fxe5 14. Qh7+
Kf7 15. Bc4+ 1-0

[Event "HZ Chess Tournament 2019"]
[Site "Vlissingen"]
[Date "2019.08.05"]
[Round "4.26"]
[White "Snijders, Frans"]
[Black "Mijnster, Niels"]
[Result "0-1"]
[WhiteElo "1876"]
[BlackElo "2139"]
[PlyCount "90"]
[EventCountry "NED"]

1. e4 c6 2. d4 d5 3. exd5 cxd5 4. Bd3 Nc6 5. c3 Nf6 6. Bf4 Bg4 7. Qb3 Qd7 8.
Nd2 e6 9. Ngf3 Bd6 10. Be5 Be7 11. O-O O-O 12. h3 Bh5 13. Bh2 Bd6 14. Ne5 Qc7
15. Ndf3 Ne4 16. Rfe1 Bxf3 17. gxf3 Bxe5 18. dxe5 Nc5 19. Qc2 Nxd3 20. Qxd3 Ne7
21. f4 Rfc8 22. Red1 Nf5 23. Kg2 Qc6 24. f3 Qb6 25. Rd2 Ne3+ 26. Kh1 Nf5 27.
Bg1 Qd8 28. Bf2 Rc4 29. Qxc4 dxc4 30. Rxd8+ Rxd8 31. Bxa7 h5 32. b3 Ra8 33. Bc5
cxb3 34. a3 Rc8 35. Bb4 Rc4 36. Rb1 Rxf4 37. Kg2 Nh4+ 38. Kg3 g5 39. Rxb3 Rxf3+
40. Kh2 Rf2+ 41. Kg1 Re2 42. c4 g4 43. hxg4 hxg4 44. Bc3 Nf3+ 45. Kf1 g3 0-1

[Event "HZ Chess Tournament 2019"]
[Site "Vlissingen"]
[Date "2019.08.05"]
[Round "4.27"]
[White "Boecker, Juergen"]
[Black "Merbis, Max"]
[Result "1/2-1/2"]
[WhiteElo "1858"]
[BlackElo "2103"]
[PlyCount "80"]
[EventCountry "NED"]

1. e4 e5 2. Nf3 Nc6 3. d4 exd4 4. Bc4 Nf6 5. e5 d5 6. Bb5 Ne4 7. Nxd4 Bc5 8.
Be3 O-O 9. Nxc6 bxc6 10. Bxc5 Nxc5 11. Bxc6 Rb8 12. Qxd5 Qe7 13. O-O Rd8 14.
Qf3 Ne6 15. Qa3 Qxa3 16. bxa3 Ba6 17. Re1 Nd4 18. Ba4 Ne2+ 19. Kh1 Rd4 20. Bb3
Rbd8 21. a4 Re4 22. Na3 Rxe5 23. Bc4 Bxc4 24. Nxc4 Re4 25. Nb2 Rde8 26. Nd3 c5
27. f3 Re3 28. Reb1 Nc3 29. Re1 Nxa4 30. Rxe3 Rxe3 31. Kg1 g5 32. Kf2 Re7 33.
Re1 Kf8 34. Rxe7 Kxe7 35. Ne5 a6 36. Ke3 f6 37. Nc4 Ke6 38. Kd3 Kd5 39. g3 Kc6
40. a3 Nb6 1/2-1/2

[Event "HZ Chess Tournament 2019"]
[Site "Vlissingen"]
[Date "2019.08.05"]
[Round "4.29"]
[White "Smit, Manuel"]
[Black "Kraemer, Max"]
[Result "1-0"]
[WhiteElo "1831"]
[BlackElo "2041"]
[PlyCount "123"]
[EventCountry "NED"]

1. e4 e5 2. Nf3 Nc6 3. Bc4 Nf6 4. d3 Bc5 5. c3 a5 6. O-O O-O 7. Re1 d5 8. exd5
Nxd5 9. Nbd2 Bg4 10. Ne4 Be7 11. Ng3 Nb6 12. Bb3 a4 13. Bc2 Qd5 14. Be3 Bxf3
15. gxf3 Rad8 16. Bxb6 cxb6 17. Bxa4 Qxd3 18. Qe2 Qxe2 19. Rxe2 f6 20. Nf5 Bd6
21. Rd1 Bc7 22. Rde1 Kh8 23. f4 g6 24. Bxc6 bxc6 25. Ne7 c5 26. fxe5 fxe5 27.
Nc6 Ra8 28. a3 Ra4 29. Re4 Rxe4 30. Rxe4 Rf4 31. Re2 e4 32. h3 Kg7 33. Ne7 Bd8
34. Nd5 Rh4 35. Kg2 Kf7 36. c4 Ke6 37. Kg3 g5 38. f3 Ke5 39. Nc3 Bc7 40. Kg2 h6
41. Nxe4 Kd4 42. b3 Bf4 43. a4 Kd3 44. Ra2 Ke3 45. Nf6 h5 46. a5 bxa5 47. Rxa5
Kd4 48. Nd5 Bd2 49. Ra2 Kd3 50. Nf6 Be3 51. Nd5 Rd4 52. Ra5 g4 53. fxg4 hxg4
54. h4 Re4 55. Nxe3 Rxe3 56. Rxc5 Kc3 57. Rb5 Rh3 58. h5 Kd4 59. Rg5 Kc3 60. c5
Kxb3 61. c6 Rc3 62. Rg6 1-0

[Event "HZ Chess Tournament 2019"]
[Site "Vlissingen"]
[Date "2019.08.05"]
[Round "4.30"]
[White "Berghuis, Marten"]
[Black "Roeth, Alexander"]
[Result "1-0"]
[WhiteElo "2031"]
[BlackElo "1680"]
[PlyCount "49"]
[EventCountry "NED"]

1. e4 c6 2. d4 d5 3. Nc3 dxe4 4. Nxe4 Bf5 5. Ng3 Bg6 6. Bc4 e6 7. N1e2 Nf6 8.
O-O Bd6 9. f4 O-O 10. f5 exf5 11. Nxf5 Bxf5 12. Rxf5 h6 13. Nf4 Bxf4 14. Bxf4
Nbd7 15. Bg3 Ne4 16. c3 Nxg3 17. hxg3 Nf6 18. Qf3 Qe7 19. Rf1 Rae8 20. Re5 Qd7
21. Rfe1 Rxe5 22. dxe5 Nd5 23. Bd3 Ne7 24. Qe4 Ng6 25. e6 1-0

[Event "HZ Chess Tournament 2019"]
[Site "Vlissingen"]
[Date "2019.08.05"]
[Round "4.31"]
[White "Moors, Marc"]
[Black "Hng, Mei-En Emmanuelle"]
[Result "0-1"]
[WhiteElo "1829"]
[BlackElo "2026"]
[PlyCount "48"]
[EventCountry "NED"]

1. d4 c5 2. e3 Nf6 3. Nf3 e6 4. Bd3 d5 5. b3 Qc7 6. Bb2 c4 7. Be2 b5 8. c3 Nbd7
9. O-O Bd6 10. a4 bxa4 11. bxc4 dxc4 12. Qxa4 Bb7 13. Nbd2 O-O 14. Qxc4 Qd8 15.
Ba3 Bxa3 16. Rxa3 a5 17. Qa2 Nd5 18. Rb1 Rb8 19. Nc4 a4 20. Nce5 Nxe5 21. Nxe5
Qg5 22. Nf3 Qg6 23. c4 Nc3 24. Rxc3 Bxf3 0-1

[Event "HZ Chess Tournament 2019"]
[Site "Vlissingen"]
[Date "2019.08.05"]
[Round "4.32"]
[White "Van Dijkhuizen, Robbert"]
[Black "Skutta, Bernd"]
[Result "1-0"]
[WhiteElo "1819"]
[BlackElo "2007"]
[PlyCount "63"]
[EventCountry "NED"]

1. d4 d6 2. c4 f5 3. g3 Nf6 4. Bg2 g6 5. Nc3 Bg7 6. Nf3 O-O 7. O-O c6 8. Qc2
Qe8 9. b3 e5 10. dxe5 dxe5 11. e4 Nh5 12. Bb2 f4 13. Ne2 Na6 14. c5 Qe7 15. b4
g5 16. Ne1 Be6 17. a3 g4 18. f3 Rad8 19. fxg4 Bxg4 20. Nf3 Rf7 21. Rad1 Rdf8
22. Qd3 fxg3 23. hxg3 Nc7 24. Qe3 h6 25. Rd6 Bxf3 26. Rxf3 Ne6 27. Rxf7 Qxf7
28. Bh3 Ng5 29. Bf5 Kh8 30. Bxe5 Nf3+ 31. Qxf3 Bxe5 32. Rxh6+ 1-0

[Event "HZ Chess Tournament 2019"]
[Site "Vlissingen"]
[Date "2019.08.05"]
[Round "4.33"]
[White "Haak, Eelco"]
[Black "Veer Sethi"]
[Result "1/2-1/2"]
[WhiteElo "2003"]
[BlackElo "1575"]
[PlyCount "39"]
[EventCountry "NED"]

1. d4 Nf6 2. c4 e6 3. Nf3 c5 4. d5 exd5 5. cxd5 d6 6. Nc3 g6 7. g3 Bg7 8. Bg2
O-O 9. O-O Re8 10. Nd2 Nbd7 11. a4 b6 12. Nc4 Ne5 13. Nxe5 Rxe5 14. Re1 a6 15.
e4 Re8 16. h3 Nd7 17. f4 Rb8 18. Qd3 Qc7 19. Bf1 Bb7 20. Bd2 1/2-1/2

[Event "HZ Chess Tournament 2019"]
[Site "Vlissingen"]
[Date "2019.08.05"]
[Round "4.34"]
[White "De Wit, Martijn"]
[Black "De Zwart, Johan"]
[Result "0-1"]
[WhiteElo "1626"]
[BlackElo "1989"]
[PlyCount "86"]
[EventCountry "NED"]

1. e4 e5 2. Nf3 Nc6 3. Bb5 a6 4. Ba4 Nf6 5. O-O Nxe4 6. d4 b5 7. Bb3 d5 8. dxe5
Be6 9. Nbd2 Bc5 10. Qe2 Nxd2 11. Bxd2 Nd4 12. Nxd4 Bxd4 13. Bb4 Bb6 14. Rad1 c5
15. c4 bxc4 16. Ba4+ Kf8 17. Ba3 h5 18. Qe3 Rc8 19. b3 cxb3 20. Bxb3 Kg8 21.
Qf4 c4 22. Bc2 h4 23. Bd6 Bc7 24. Ba4 Rh5 25. Bxc7 Qxc7 26. Rfe1 f6 27. Bc2
fxe5 28. Qf3 Qf7 29. Qa3 Rf8 30. Rf1 h3 31. g3 Qf3 32. Qxf3 Rxf3 33. Rb1 Bf5
34. Rb8+ Kh7 35. Bd1 Be4 36. Bxf3 Bxf3 37. Rd8 d4 38. Re1 d3 39. Rc1 e4 40.
Rxc4 Rb5 41. Rc1 Rb2 42. Kf1 d2 43. Ra1 Rc2 0-1

[Event "HZ Chess Tournament 2019"]
[Site "Vlissingen"]
[Date "2019.08.05"]
[Round "4.35"]
[White "Reichardt, Gert"]
[Black "Sow, MiaoGeng Malcolm"]
[Result "1-0"]
[WhiteElo "1987"]
[BlackElo "1525"]
[PlyCount "89"]
[EventCountry "NED"]

1. e4 c5 2. Nc3 e6 3. f4 g6 4. Nf3 Bg7 5. Be2 Ne7 6. O-O O-O 7. Qe1 d6 8. d3
Nbc6 9. Qh4 d5 10. Ng5 h6 11. Nf3 dxe4 12. dxe4 Nd4 13. Be3 Nec6 14. Qf2 Qa5
15. Nd2 b5 16. Nb3 Qb6 17. Bxb5 Nxb5 18. Bxc5 Qa6 19. Nxb5 Qxb5 20. Bxf8 Bxf8
21. c3 a5 22. Kh1 a4 23. Nd4 Nxd4 24. cxd4 Bb7 25. f5 exf5 26. exf5 Qd5 27.
fxg6 fxg6 28. Qg3 Ra6 29. Rf2 Bg7 30. Raf1 Rd6 31. Rf7 Bc6 32. Qf2 Qxd4 33. b3
Qxf2 34. R7xf2 axb3 35. axb3 Rd3 36. Rc2 Bd5 37. b4 Rb3 38. Rc8+ Kh7 39. Rc5
Bb7 40. h3 Rxh3+ 41. Kg1 Rg3 42. Rf7 Rxg2+ 43. Kf1 Ra2 44. Rxb7 Ra1+ 45. Ke2
1-0

[Event "HZ Chess Tournament 2019"]
[Site "Vlissingen"]
[Date "2019.08.05"]
[Round "4.36"]
[White "Zwirs, Jasper"]
[Black "Lian, Kai En Gerard"]
[Result "1-0"]
[WhiteElo "2110"]
[BlackElo "1415"]
[PlyCount "135"]
[EventCountry "NED"]

1. e4 c5 2. Nf3 e6 3. d4 cxd4 4. Nxd4 a6 5. Bd3 Bc5 6. Nb3 Ba7 7. O-O d6 8. c4
Nf6 9. Nc3 h6 10. Kh1 Nc6 11. f4 O-O 12. Qf3 Kh8 13. Bd2 Qc7 14. Rae1 Bd7 15.
Qg3 e5 16. fxe5 Nxe5 17. Rxf6 gxf6 18. Qh4 Ng4 19. Rf1 Rg8 20. Nd5 Qd8 21. Bxh6
Nf2+ 22. Rxf2 Bxf2 23. Qxf2 Rg6 24. Be3 Be6 25. Nxf6 Rxf6 26. Bd4 Kg7 27. Qh4
Kg6 28. e5+ Rf5 29. Qg3+ Qg5 30. Qxg5+ Kxg5 31. Bxf5 Kxf5 32. exd6 Rd8 33. c5
Bxb3 34. axb3 Re8 35. Kg1 Re4 36. Bc3 Ke6 37. Kf2 f5 38. g3 Rg4 39. Kf3 Rg6 40.
h4 Rh6 41. Kf4 Rg6 42. h5 Rg4+ 43. Kf3 Rg5 44. h6 Rh5 45. Bg7 Rh2 46. Kf4 Rh5
47. b4 Rh3 48. Kf3 Rh5 49. Ke3 Rh3 50. Kd4 Rh1 51. Kc4 Rc1+ 52. Bc3 Rh1 53. Bd2
Rh2 54. Bg5 Rh5 55. Bf4 Rh2 56. b3 Rc2+ 57. Kd3 Rh2 58. Kc3 Rg2 59. b5 axb5 60.
Kb4 Rb2 61. Be5 Rh2 62. Bf4 Rb2 63. g4 Rb1 64. gxf5+ Kf7 65. Be5 Rh1 66. Bg7
Rh4+ 67. Kxb5 Rh5 68. f6 1-0

[Event "HZ Chess Tournament 2019"]
[Site "Vlissingen"]
[Date "2019.08.05"]
[Round "4.37"]
[White "Wagner, Victoria"]
[Black "Wagenvoorde, Guido"]
[Result "0-1"]
[WhiteElo "1799"]
[BlackElo "2128"]
[PlyCount "130"]
[EventCountry "NED"]

1. e4 c5 2. Nf3 e6 3. d4 cxd4 4. Nxd4 Nc6 5. Nc3 Qc7 6. Be3 a6 7. Qf3 Ne5 8.
Qg3 h5 9. Bf4 d6 10. Bxe5 dxe5 11. Nf3 f6 12. O-O-O Kf7 13. Nd2 b5 14. Nb3 Bb4
15. Qd3 Ne7 16. a3 Bxc3 17. Qxc3 Qxc3 18. bxc3 Ra7 19. c4 bxc4 20. Bxc4 Rc7 21.
Be2 Bb7 22. f3 Rhc8 23. Rd2 Nc6 24. c4 a5 25. a4 Ba6 26. c5 Bxe2 27. Rxe2 Nd4
28. Nxd4 exd4 29. Rc2 Rxc5 30. Rxc5 Rxc5+ 31. Kd2 Rc4 32. Ra1 e5 33. Ra3 Rb4
34. Kc2 h4 35. g3 hxg3 36. hxg3 Kg6 37. f4 Kh5 38. fxe5 fxe5 39. Rf3 g6 40. Rf6
Rxa4 41. Re6 Kg4 42. Rxe5 Kxg3 43. Kd3 Kf4 44. Rd5 Ra1 45. Kxd4 a4 46. e5 a3
47. Kc3 a2 48. Kb2 Re1 49. Kxa2 Rxe5 50. Rd1 Re2+ 51. Kb3 g5 52. Kc3 g4 53. Kd3
Re8 54. Rg1 Kf3 55. Kd2 g3 56. Rf1+ Kg2 57. Rf7 Kg1 58. Rf6 g2 59. Rf7 Re5 60.
Rg7 Kh2 61. Rh7+ Kg3 62. Rg7+ Kf3 63. Kd1 Re4 64. Rf7+ Rf4 65. Rg7 Kf2 0-1

[Event "HZ Chess Tournament 2019"]
[Site "Vlissingen"]
[Date "2019.08.05"]
[Round "4.38"]
[White "Mityaev, Alexandr"]
[Black "De Feijter, David"]
[Result "1-0"]
[WhiteElo "2087"]
[BlackElo "1778"]
[PlyCount "69"]
[EventCountry "NED"]

1. d4 f5 2. c4 Nf6 3. Nc3 d5 4. Nf3 e6 5. Bf4 c6 6. e3 Bd6 7. Bxd6 Qxd6 8. Bd3
O-O 9. Qc2 Bd7 10. O-O Be8 11. Rfc1 Ne4 12. Ne5 Nd7 13. Nxd7 Qxd7 14. f3 Nxc3
15. bxc3 Bg6 16. Rab1 Rf6 17. c5 Rff8 18. f4 Bh5 19. Rb4 Rfb8 20. Rcb1 a5 21.
Rb6 Be8 22. R1b2 h6 23. Qb1 Ra7 24. Ba6 g5 25. Bxb7 Rd8 26. Bxc6 Qxc6 27. Rxc6
Bxc6 28. Rb8 Ra8 29. Rxd8+ Rxd8 30. Qb6 Rc8 31. Qxa5 Kf8 32. Qa7 gxf4 33. exf4
Be8 34. Qb7 Rc6 35. a4 1-0